LDR 00748naa#a2200217#i#450# 001 EN\\bibl\125861 005 20260703130952.5 011 ## _a2223-4608 100 ## _a20260630b2026####ek#y0engy0150####ca 102 ## _aRU 200 1# _aProcess simulation for thermoclutch cutting with metal friction saws _eJournal article 210 1# _aBryansk _cBryansk State Technical University _d2026 215 ## _a10 с. 608 ## _aJournal article _2local 675 ## _aПолирование. притирка. Доводка. 621.923.7 _z 700 #1 _aBratan _gSergei Michailovich 700 #1 _aPokintelitsa _gNikolai Ivanovich 700 #1 _aYakubov _gChingiz Fevzievich 700 #1 _aChasovitina _gAnastasia Sergeevna 700 #1 _aBratan _gMikhail Igorevich 856 4# _azh-szf.ru _u